000 00428nam a22001337a 4500
040 _cNUST
082 _a220 PRO
100 _aHammad Ahmed Hameed Muhammad Masood Zafar Fahad Maqsood
_986279
110 _a Project Supervisor Asst Prof. Dr. Shahzor Ahmad
_986280
245 _aPR-SOF-2091-Monocular Structure from Motion
260 _aISLAMABAD:
_bNUST COLLEGE OF EME,
_c2021.
650 _aDE-ELECT-39
_986281
942 _2ddc
_cPR
999 _c587277
_d587277